Lengua castellana y literatura : Proyecto Anaya : primer ciclo Educación Secundaria : [Andalucía]

Gespeichert in:
Bibliographische Detailangaben
Weitere Verfasser: González Lucini, Fernando .
Format: Buch
Sprache:Spanisch
Erschienen: Madrid : Anaya, D.L. 1997
Katalog:MANES:  Suchergebnis im Bibliothekskatalog
Schulbuchspezifische Eigenschaften:
Schlagworte:
Tags: Tag hinzufügen
Keine Tags, Fügen Sie den ersten Tag hinzu!
Hinzugefügt zu:09.02.1998
Geändert in:07.05.2025

MARC

LEADER 00000cam a2200000 i 4500
005 20250507134516.0
008 980210s1997 esp fp 000 0 spa d
020 |a 8420779539 
040 |a uned  |b spa  |c entro-manes 
245 0 0 |a Lengua castellana y literatura :   |b Proyecto Anaya : primer ciclo Educación Secundaria : [Andalucía] /   |c dirección del proyecto, Fernando G. Lucini 
260 |a Madrid :   |b Anaya,   |c D.L. 1997 
300 |a 156 p. 
546 |a España 
561 |5 es-BUNED  |3 L.T.M. 1779  |a España. Fondo Manes UNED  |k MANES 
690 0 |a LEN 
650 7 |a Manual del docente  |9 36315 
700 1 |a González Lucini, Fernando .  |9 37719 
942 |2 ddc  |c BK 
999 |c 96071  |d 96071 
999 |c manes:96071  |d 96071